| 000 | 00402nam a2200145Ia 4500 | ||
|---|---|---|---|
| 008 | 240729s9999 xx 000 0 und d | ||
| 022 | _a2697-6072 | ||
| 245 | 0 | _aScience Technology and Engineering Journal (STEJ) | |
| 260 | _aThailand | ||
| 260 | _bMahasarakham University | ||
| 650 | _aScience | ||
| 856 | _uhttps://doaj.org/toc/8757dd951d9042ffbf9f0ea8b5fd15b3 | ||
| 942 | _2ddc | ||
| 942 | _cDOAJEJ | ||
| 999 |
_c72302 _d72302 |
||
| 945 |
_a1 _bMadushi Gamage _c1 _dMadushi Gamage |
||